| 000 | 00000nam##2200000za#4500 |
| 001 | 9.615869 |
| 003 | CaOODSP |
| 005 | 20211126112847 |
| 007 | ta |
| 008 | 150406|2001||||xxc||||| f|0| 0 eng|d |
| 020 | |a0-662-31518-9 |
| 022 | |a1192-5434 |
| 040 | |aCaOODSP|beng |
| 043 | |an-cn--- |
| 086 | 1 |aFB3-2/101-24E |
| 110 | 2 |aBank of Canada. |
| 245 | 10|aPrice-level versus inflation targeting in a small open economy / |cby Gabriel Srour. |
| 260 | |aOttawa - Ontario : |bBank of Canada |c2001. |
| 300 | |av, 20p. : |breferences ; |c28 cm. |
| 490 | 1 |aWorking paper|x1192-5434|v2001-24 |
| 500 | |a"This paper compares two types of monetary policy: price-level targeting and inflation targeting. It reviews recent arguments that favour price-level targeting, and examines how certain factors, such as the nature of the shocks affecting the economy and the degree to which agents are forward-looking, bear upon the arguments."--Abstract. |
| 546 | |aRésumés en français |
| 563 | |aSoftcover |
| 590 | |a02-01|b2002-01-04 |
| 690 | 07|aInflation|2gcpds |
| 690 | 07|aPrices|2gcpds |
| 690 | 07|aMonetary policy|2gcpds |
| 720 | 1 |aSrour, Gabriel |
| 776 | 0#|tPrice-level versus inflation targeting in a small open economy / |w(CaOODSP)9.571578 |
| 830 | #0|aWorking paper,|x1192-5434|v2001-24|w(CaOODSP)9.514622 |